| 000 | 00466nam a2200181Ia 4500 | ||
|---|---|---|---|
| 008 | 230524s9999 xx 000 0 und d | ||
| 020 | _a9780070601604 | ||
| 082 |
_a331.714 _bTHO |
||
| 100 | _aChristopher R Thomas | ||
| 245 | 0 | _aManagerial Economics : Concepts and Applications | |
| 250 | _a8TH | ||
| 260 |
_aNEW DELHI _bTMH _c2009 |
||
| 300 | _aXVI;738 | ||
| 500 | _aQuantity Number: 5 | ||
| 650 | _aEconomics | ||
| 700 | _a S Charles Maurice | ||
| 942 | _cBK | ||
| 999 |
_c44983 _d44983 |
||